Soccer Quiz 0.1 - Statistics

General Stats
  • This quiz has been taken 31 times
  • The average score is 6 of 15
Answer Stats
Hint Answer % Correct
How many teams did David Beckham play for 6
84%
What country did Diego Maradona score the "Hand of God" Against England
84%
How many World Cups have there been ever 22
64%
Who won Champions League 2020 Chelsea
56%
Who has the most yellow cards ever Sergio Ramos
56%
Who is second in goals premier league 24/25 Erling Haaland
52%
Who's nickname is "The King" Pele
52%
How many red cards were handed out in the match with the most red cards 36
40%
Who has the record for most goals scored in one world cup Miroslav Klose
40%
How old was the oldest person ever to play a game of soccer 56
20%
Who invented the Trivela shot Ricardo Quaresma
12%
How fast was the fastest shot ever 210 kmh
8%
Who has the most saves in premier league history Łukasz Fabiański
8%
Who originated soccer Tsu Chu
8%
Who leads Serie A in assists 24/25 Nuno Taveres
4%
No matching quizzes found
Score Distribution
Percent of People with Each Score
Percentile by Number Answered
Your Score History
You have not taken this quiz